|
|
|
|
| LEADER |
01602nam a2200397 a 4500 |
| 001 |
EBC287841 |
| 003 |
MiAaPQ |
| 005 |
20200520144314.0 |
| 006 |
m o d | |
| 007 |
cr cn||||||||| |
| 008 |
080812s2006 enka sb 001 0 eng d |
| 020 |
|
|
|z 0335218510
|
| 020 |
|
|
|z 9780335218523
|
| 020 |
|
|
|z 9780335225163
|
| 035 |
|
|
|a (MiAaPQ)EBC287841
|
| 035 |
|
|
|a (Au-PeEL)EBL287841
|
| 035 |
|
|
|a (CaPaEBR)ebr10161339
|
| 035 |
|
|
|a (CaONFJC)MIL95378
|
| 035 |
|
|
|a (OCoLC)246969371
|
| 040 |
|
|
|a MiAaPQ
|c MiAaPQ
|d MiAaPQ
|
| 050 |
|
4 |
|a RA971
|b .G66 2006
|
| 100 |
1 |
|
|a Goodwin, Nick.
|
| 245 |
1 |
0 |
|a Managing health services
|h [electronic resource] /
|c Nick Goodwin, Reinhold Gruen and Valerie Iles.
|
| 260 |
|
|
|a Maidenhead :
|b Open University Press,
|c 2006.
|
| 300 |
|
|
|a viii, 235 p. :
|b ill.
|
| 490 |
1 |
|
|a Understanding public health
|
| 504 |
|
|
|a Includes bibliographical references and index.
|
| 505 |
0 |
|
|a section 1. Understanding the roles of managers and management in health care -- section 2. Health care funding -- section 3. Managing people -- section 4. Managing results -- section 5. Managing change.
|
| 533 |
|
|
|a Electronic reproduction. Ann Arbor, MI : ProQuest, 2015. Available via World Wide Web. Access may be limited to ProQuest affiliated libraries.
|
| 650 |
|
0 |
|a Health services administration.
|
| 655 |
|
4 |
|a Electronic books.
|
| 700 |
1 |
|
|a Gruen, Reinhold.
|
| 700 |
1 |
|
|a Iles, Valerie,
|d 1952-
|
| 710 |
2 |
|
|a ProQuest (Firm)
|
| 830 |
|
0 |
|a Understanding public health.
|
| 856 |
4 |
0 |
|u https://ebookcentral.proquest.com/lib/matrademy/detail.action?docID=287841
|z Click to View
|